000 00318nam a22001337a 4500
008 180919b xxu||||| |||| 00| 0 eng d
020 _a9780781741804
041 _aeng
080 _a610
100 _a3
101 _aSHM
245 _aA Manual Of Laboratory And Diagnostic Tests
_cFiscbach.F
942 _2udc
_cBK
999 _c48028
_d48028